000 02344nam0a2200409 4500
001 RU\NLR\BIBL_A\022617583
005 20251121104820.0
010 _a978-5-907993-33-4
_950
021 _aRU
_bКН-П-25-041783
_9КН-П-25-4068
035 _a(NLR Aleph) 022617583
090 _a13465244
_c13465244
100 _a20250909d2025 u y0rusy50 ca
101 0 _arus
102 _aRU
105 _aa j 000yy
181 0 _ai
_bxxxe
182 0 _an
200 1 _aБезопасность проведения лучевых методов обследования детей в период новорожденности
_eметодическое пособие
_fд. м. н., профессор Моисеева К. Е., Гажева А. А., к. м. н. Тайц А. Н., к. м. н. Харбедия Ш. Д.
_gМинистерство здравоохранения Российской Федерации, Санкт-Петербургский государственный педиатрический медицинский университет
203 _aТекст
_bвизуальный
_cнепосредственный
210 _aСанкт-Петербург
_cСПбГПМУ
_d2025
215 _a20 c.
_cцв. ил., табл.
_d21
225 1 _aБиблиотека Педиатрического университета
300 _aАвт. указаны на обороте тит. с.
320 _aБиблиогр.: с. 20
606 1 _aНоворождённые дети
_xБолезни
_xЛучевая диагностика
_xБезопасность
_jМетодические пособия
_2nlr_sh2
_3RU\NLR\AUTH\6601762927
686 1 _aР733.2-436.1я8
686 1 _aР362я8
701 1 _aМоисеева
_bК. Е.
_gКарина Евгеньевна
701 1 _aГажева
_bА. А.
_gАдиса Анзоровна
701 1 _aТайц
_bА. Н.
_gАнна Николаевна
701 1 _aХарбедия
_bШ. Д.
_gШалва Демнаевич
712 0 2 _aСанкт-Петербургский государственный педиатрический медицинский университет
_3RU\NLR\AUTH\8810243741
_4475
942 _cBOOK
980 _aNB